000 00363nam a22001457a 4500
999 _c15393
_d15393
020 _a9788131713846
082 _a576.1505
_bATL/MI
100 _aAtlas, Ronald M
_93071
245 _aMicrobial ecology fundamentals and applications
250 _a4
260 _aIndia
_bPearson Education
_c2016
300 _a704
700 _aBartha, Richard
_93072
942 _cBBS